| 000 | 00393nam a22001337a 4500 | ||
|---|---|---|---|
| 005 | 20140324104923.0 | ||
| 008 | 140225b xxu||||| |||| 00| 0 eng d | ||
| 050 |
_aSPCP B2430.R553 _bM42 |
||
| 100 |
_aRicoeur, Paul _98924 |
||
| 245 |
_aThe metaphorical use of language _cRicoeur, Paul |
||
| 260 |
_aEnglewood Cliffs _bPrentice-Hall _c1980 |
||
| 300 |
_a300p.; _c22cm. |
||
| 942 |
_2lcc _cMONOGRAPH |
||
| 999 |
_c120160 _d120160 |
||